LEADER 01328nam a2200289 a 4500 001 000000111753 003 CaOOAMICUS 005 20080520114606.0 008 080520s2007 xo m 000 0 ita d 020 $z978-80-7141-558-9* 040 $aPUG$bita$dip$dPUL$dLDB 041 1 $aita$aeng$aslo 100 1 $aDacok, Ján,$cS.I.,$d1955-$0(OLS)http://pul/name/68726 245 13$aLa fase terminale della vita umana :$bbioetica postmoderna e riflessione teologico-morale contemporanea /$cJán Dacok. 260 $aBratislava :$b[s.n.],$c2007. 300 $a278 p. ;$c24 cm. 502 $aDissertazione: Pontificia Universitas Gregoriana. Facultas theologiae, n. 5570, 2007. 504 $aBibliografia: pp. 249-271. 546 $aAbstract in italiano, inglese e slovacco. 650 14$aMorte (teologia).$0(OLS)http://pul/subject/4428 650 14$aBioetica.$0(OLS)http://pul/subject/2868 850 $aPUL 852 $aPUL$W1$xDP1 Tesi Pon. Univ. Gregoriana$y40$m2007 B 13$j25785$qTesi$B126799$CPULBib$Z2$F126799 $82 941 1 $a16 996 $6020$z978-80-7141-558-9*$9(OLS)http://pul/number/138098 996 $6245$aLa fase terminale della vita umana :$bbioetica postmoderna e riflessione teologico-morale contemporanea$9(OLS)http://pul/title/140552 996 $6260$aBratislava :$b[s.n.]$9(OLS)http://pul/publisher/58160 LEADER 01238nam a2200313 a 4500 001 000000157715 003 CaOOAMICUS 005 20161220102012.0 008 161220s2016 vc u000 u ita r 020 $a978-88-465-1107-2* 032 $aLibriCat 040 $aPUL$bita 082 04$a230 245 00$aEssere donna nella Chiesa /$cChiara Ariano (ed.) 260 $aCittà del Vaticano :$bLateran University Press,$c©2016. 300 $a405 p. ;$c21 cm. 490 1 $aVivae voces ;$v40 504 $aInclude indice e bibliografia. 650 4$aDonna e Chiesa.$0(OLS)http://pul/subject/44116 700 1 $aAriano, Chiara.$0(OLS)http://pul/name/93233 830 0$aVivae voces ;$v40.$0(OLS)http://pul/title/165512 850 $aPUL 852 $aPUL$W1$xSL Religione 3$y85$m230 COLL 7.40$j181052$qDDC 21$B184182$CPULBib$Z2$F184182 $H128616 $81 941 1 $a9 996 $6020$a978-88-465-1107-2*$9(OLS)http://pul/number/161753 996 $6082$a230$9(OLS)http://pul/classification/368 996 $6245$aEssere donna nella Chiesa$9(OLS)http://pul/title/197315 996 $6260$aCittà del Vaticano :$bLateran University Press$9(OLS)http://pul/publisher/74585